000 00391nam a2200157Ia 4500
005 20250311013616.0
008 240331s9999 xx 000 0 und d
020 _a06101989
082 _bDAN
_a894
100 _aDaniel, K
245 0 _a Kurunavalkal
260 _aPoint Pedro
_bVaravollai Publication
_c1989
300 _aViii, 252 p .,
500 _aK.Daniel's Short - Novels
942 _cL
999 _c3989
_d3989